000 00805cam a22002651 4500
001 31729
005 20230410124150.0
008 721020s1967 xx 000 0 spa
035 _9(DLC) 68130752
035 _a10371710
010 _a 68130752
035 _a(OCoLC)475633
040 _aDLC
_cOAU
_dOCoLC
_dCNE
_dDLC
050 1 4 _aP 201
_bL792t 1967
100 2 _aLlorente Maldonado de Guevara, Antonio,
_d1922-
245 1 0 _aTeoría de la lengua e historia de la ling̀uistica.
260 _aMadrid,
_bEdiciones Alcalá
_c1967
300 _a484 p.
_c24 cm.
490 0 _aColección Romania. Serie ling̀uistica
504 _aBibliography: p. [467]-484.
650 0 _aGrammar, Comparative and general.
650 0 _aLinguistics
_xHistory.
942 _2lcc
_cbk
985 _eOCLC REPLACEMENT
999 _c72310
_d72310